Vývoj obchodných a marketingových koncepcií v oblasti informačných technológií bakalárska práca
Guardado en:
| Autor principal: | |
|---|---|
| Autor Corporativo: | |
| Otros Autores: | |
| Formato: | Libro |
| Lenguaje: | eslovaco |
| Publicado: |
Bratislava
2018
|
| Etiquetas: |
Sin Etiquetas, Sea el primero en etiquetar este registro!
|
MARC
| LEADER | 00000nbm a2200000 4500 | ||
|---|---|---|---|
| 001 | 0244989 | ||
| 005 | 20180815091156.3 | ||
| 041 | 0 | |a slo | |
| 044 | |a SK | ||
| 245 | 1 | 0 | |a Vývoj obchodných a marketingových koncepcií v oblasti informačných technológií |b bakalárska práca |c Samuel Ramaj ; školiteľ: Peter Filo |
| 264 | 1 | |a Bratislava |c 2018 | |
| 300 | |a 46 s. | ||
| 100 | 1 | |a Ramaj, Samuel | |
| 700 | 1 | |a Filo, Peter | |
| 710 | 2 | |a Obchodná fakulta EU. Katedra marketingu | |